Fascists and conservatives : radical right and the establishment in twentieth-century Europe

Αποθηκεύτηκε σε:
Λεπτομέρειες βιβλιογραφικής εγγραφής
Άλλοι συγγραφείς: Blinkhorn, Martin 1941- (Επιμελητής έκδοσης)
Μορφή: Βιβλίο
Γλώσσα:English
Δημοσίευση: London : Unwin Hyman, c1990
Θέματα:
Ετικέτες: Προσθήκη ετικέτας
Δεν υπάρχουν, Καταχωρήστε ετικέτα πρώτοι!

MARC

LEADER 00000nam a2200000 i 4500
001 1/17774
008 981008s1990 eng d
020 |a 0-04-940087-8 
035 |l 10020678 
040 |a GR-MY-UA  |b gre  |e aacr 
041 0 |a eng 
082 0 |a 320.5094 
245 1 0 |a Fascists and conservatives :  |b radical right and the establishment in twentieth-century Europe /  |c edited by Martin Blinkhorn 
260 |a London :   |b Unwin Hyman,   |c c1990 
300 |a 292 p. 
504 |a Includes bibliographical references 
650 0 0 |a Fascism  |z Europe  |x History  |y 20th century. 
651 0 |a Europe  |x Politics and government  |y 20th century. 
700 0 |a Blinkhorn, Martin  |d 1941-  |4 edt 
852 |a INST  |b LESVOS  |e 19981008  |h 320.5094 FAS  |p 005100012949  |q 005100012949  |t BK  |y 0 
901 |a BIBL-1998-3 
909 |a Λ  |b 059140 
922 |a 1ΔΩΡ  |b 199809  |c ΤΚΑ